00606 a2200181 4500020001100000035001200011037004700023082000800070090001500078100001500093245005600108260003100164300002900195700001500224942002300239999001500262952014700277 c350.00 aB-64349 bRP-ZLS-1631 / UBH-02-03:151 / RP-02-03:ENG14a547 c3141d31411 aBahl, Arun1 aAdvanced organic chemistrycby Arun Bahl, B.S. Bahl aNew DelhibS. Chandc2003r aviii, 1365 pc25 cm (HB) aBahl, B.S. adplcENk547 / BAH c3079d3079 00102ddc4070aZLSbZLSg350.00l0o547 BAHpB-64349r2008-09-15 00:00:00u3276v350.00w2008-09-15yENzWithdrawn List Prepared L.No.108/18